Catalogue of the world's most popular coins. (Record no. 82077)

MARC details
000 -LEADER
fixed length control field 00380nam a2200145Ia 4500
008 - FIXED-LENGTH DATA ELEMENTS--GENERAL INFORMATION
fixed length control field 210210b1956 xxu||||| |||| 00| 0 eng d
082 ## - DEWEY DECIMAL CLASSIFICATION NUMBER
Classification number 737.4 REIC
100 ## - MAIN ENTRY--PERSONAL NAME
Personal name REINFELD (Fred).
245 ## - TITLE STATEMENT
Title Catalogue of the world's most popular coins.
260 ## - PUBLICATION, DISTRIBUTION, ETC.
Place of publication, distribution, etc. New York.
Name of publisher, distributor, etc. Garden City.,
Date of publication, distribution, etc. 1956
300 ## - PHYSICAL DESCRIPTION
Extent 416
650 ## - SUBJECT ADDED ENTRY--TOPICAL TERM
Topical term or geographic name entry element Coins Catalogue<br/><br/>
690 ## - LOCAL SUBJECT ADDED ENTRY--TOPICAL TERM (OCLC, RLIN)
Topical term or geographic name as entry element Numismatics
906 ## - LOCAL DATA ELEMENT F, LDF (RLIN)
a 030979
Holdings
Withdrawn status Lost status Damaged status Not for loan Collection code Home library Current library Shelving location Date acquired Cost, normal purchase price Total Checkouts Full call number Barcode Date last seen Price effective from Koha item type
          St Aloysius Library St Aloysius Library   02/17/2021 0.00   737.4 REIC 030979 02/17/2021 02/17/2021 Book